Příručka pro práci na školním mikropočítači PMD 85

Saved in:
Bibliographic Details
Main Author: Benáčanová, Helena
Other Authors: Kubálek, Tomáš
Format: Book
Language:Czech
Published: Praha VŠE - Fakulta řízení 1989
Edition:1. vyd.
Tags: Add Tag
No Tags, Be the first to tag this record!

MARC

LEADER 00000nam a2200000 4500
001 c028952
005 20221215120536.7
041 0 |a cze 
044 |a CZ 
245 1 0 |a Příručka pro práci na školním mikropočítači PMD 85  |c Helena Benáčanová, Tomáš Kubálek 
250 |a 1. vyd. 
264 1 |a Praha  |b VŠE - Fakulta řízení  |c 1989 
300 |a 122 s. 
100 1 |a Benáčanová, Helena 
700 1 |a Kubálek, Tomáš